Statistics for Things That are "Dark"

Click here to take the quiz!

General Stats

  • This quiz has been taken 947 times
  • The average score is 9 of 18

Answer Stats

HintAnswer% Correct
Christopher Nolan's Batman trilogyThe Dark Knight
92%
Part of the internet not visible
to search engines
Dark Web
86%
Period that followed the decline
of the Roman Empire
Dark Ages
84%
Contains 85% of the universeDark Matter
84%
People who has it are rich
in melanin pigments
Dark Skin
72%
Term for an unexpected winnerDark Horse
71%
Pink Floyd's most
popular album
The Dark Side
of the Moon
68%
Genre of "Pulp Fiction" or "Fargo"Dark Comedy
51%
Africa, dubbed by Henry StanleyDark Continent
41%
Force that expands the universeDark Energy
34%
Wild, unsubstantiated guessShot in the Dark
34%
Times of extreme misfortuneDark Days
28%
2019 X-Men movieDark Phoenix
26%
Bruce Springsteen song that goes
"You can't start a fire"
Dancing in
the Dark
24%
Stephen King fantasy westernThe Dark Tower
21%
Kathryn Bigelow war-movie
starring Jessica Chastain
Zero Dark
Thirty
19%
Video game that takes place in
the kingdom of Lordran
Dark Souls
16%
MLB player nicknamed "Blackie"Alvin Dark
2%

Score Distribution

Percentile by Number Answered

Percent of People with Each Score

Your Score History

You have not taken this quiz